书目信息 |
| 题名: |
爱, 上了瘾
|
|
| 作者: | 伊东明 著 ;广梅芳 译 | |
| 分册: | ||
| 出版信息: | 成都 四川大学出版社 2008.01 |
|
| 页数: | 218页 | |
| 开本: | 23cm | |
| 丛书名: | ||
| 单 册: | ||
| 中图分类: | C913.1-49 | |
| 科图分类: | ||
| 主题词: | 恋爱--lian ai--通俗读物 | |
| 电子资源: | ||
| ISBN: | 978-7-5614-3931-9 | |
| 000 | 01109nam0 2200265 450 | |
| 001 | 012008497383 | |
| 005 | 20080510162116.39 | |
| 010 | @a978-7-5614-3931-9@dCNY28.00 | |
| 100 | @a20080510d2008 em y0chiy0120 ea | |
| 101 | 1 | @achi@cjpn |
| 102 | @aCN@b510000 | |
| 105 | @ay z 000yy | |
| 106 | @ar | |
| 200 | 1 | @a爱, 上了瘾@Aai,shang le yin@e抚平因爱受伤的心灵@d= Love addiction@eyou can find the true love,heal your past unfulfilled love and pain@f(日) 伊东明著@F(ri)yi dong ming zhu@g广梅芳译@Gguang mei fang yi@zeng |
| 210 | @a成都@c四川大学出版社@d2008.01 | |
| 215 | @a218页@d23cm | |
| 330 | @a该书深入系统地阐述了各种病态恋爱者的特点,以及人们如何克服这些病态,以正确的恋爱情况来积极面对人生。 | |
| 500 | 10 | @aLove addiction : you can find the true love,heal your past unfulfilled love and pain@mChinese |
| 517 | 1 | @a抚平因爱受伤的心灵@Afu ping yin ai shou shang de xin ling |
| 606 | 0 | @a恋爱@Alian ai@j通俗读物 |
| 690 | @aC913.1-49@v4 | |
| 701 | 0 | @a伊东明@Ayi dong ming@4著 |
| 702 | 0 | @a广梅芳@Aguang mei fang@4译 |
| 801 | 0 | @aCN@bQSSK@c20080510 |
| 905 | @b709644-46@dC913.1-49@eY486@f3 | |
| 爱, 上了瘾:抚平因爱受伤的心灵= Love addiction:you can find the true love,heal your past unfulfilled love and pain/(日) 伊东明著/广梅芳译.-成都:四川大学出版社,2008.01 |
| 218页;23cm |
| ISBN 978-7-5614-3931-9:CNY28.00 |
| 该书深入系统地阐述了各种病态恋爱者的特点,以及人们如何克服这些病态,以正确的恋爱情况来积极面对人生。 |
| ● |
| 相关链接 |
|
|
|
正题名:爱, 上了瘾
索取号:C913.1-49/Y486
 
预约/预借
| 序号 | 登录号 | 条形码 | 馆藏地/架位号 | 状态 | 备注 |
| 1 | 709644 | 207096444 | 社科库509/509社科库 60排9列4层/ [索取号:C913.1-49/Y486] | 在馆 | |
| 2 | 709645 | 207096453 | 社科库509/509社科库 60排9列4层/ [索取号:C913.1-49/Y486] | 在馆 | |
| 3 | 709646 | 207096462 | 社科库509/509社科库 60排9列4层/ [索取号:C913.1-49/Y486] | 在馆 |